<?xml version="1.0" encoding="UTF-8"?>
<record
    xmlns:xsi="http://www.w3.org/2001/XMLSchema-instance"
    xsi:schemaLocation="http://www.loc.gov/MARC21/slim http://www.loc.gov/standards/marcxml/schema/MARC21slim.xsd"
    xmlns="http://www.loc.gov/MARC21/slim">

  <leader>00913nam a2200253 a 4500</leader>
  <controlfield tag="001">BRCA_4486</controlfield>
  <controlfield tag="005">20190320204705.0</controlfield>
  <controlfield tag="008">111209s1962----mx-#######---#000-0#spa-#</controlfield>
  <datafield tag="041" ind1=" " ind2=" ">
    <subfield code="a">spa</subfield>
  </datafield>
  <datafield tag="044" ind1=" " ind2=" ">
    <subfield code="a">mx</subfield>
  </datafield>
  <datafield tag="050" ind1=" " ind2="4">
    <subfield code="a">F1233.M3</subfield>
    <subfield code="b">.H36 1962</subfield>
  </datafield>
  <datafield tag="100" ind1="1" ind2=" ">
    <subfield code="a">Hans, Alberto</subfield>
    <subfield code="9">11365</subfield>
  </datafield>
  <datafield tag="245" ind1="1" ind2="0">
    <subfield code="a">Quer&#xE9;taro</subfield>
    <subfield code="b">Memorias de un Oficial del Emperador Maximiliano</subfield>
    <subfield code="c">Alberto Hans ; traducidas del franc&#xE9;s por Lorenzo El&#xED;zaga.</subfield>
  </datafield>
  <datafield tag="260" ind1=" " ind2=" ">
    <subfield code="a">M&#xE9;xico</subfield>
    <subfield code="b">Jus</subfield>
    <subfield code="c">1962</subfield>
  </datafield>
  <datafield tag="300" ind1=" " ind2=" ">
    <subfield code="a">207 p.</subfield>
    <subfield code="c">24 cm.</subfield>
  </datafield>
  <datafield tag="440" ind1=" " ind2="0">
    <subfield code="a">M&#xE9;xico heroico</subfield>
    <subfield code="9">11366</subfield>
  </datafield>
  <datafield tag="500" ind1=" " ind2=" ">
    <subfield code="a">La biblioteca cuenta con la edici&#xF3;n en franc&#xE9;s, ver B180</subfield>
  </datafield>
  <datafield tag="500" ind1=" " ind2=" ">
    <subfield code="a">Estado f&#xED;sico: encuadernado, febrero 2014</subfield>
  </datafield>
  <datafield tag="600" ind1="1" ind2="4">
    <subfield code="a">Maximiliano</subfield>
    <subfield code="c">Emperador de M&#xE9;xico</subfield>
    <subfield code="d">1832-1867</subfield>
    <subfield code="9">4582</subfield>
  </datafield>
  <datafield tag="651" ind1=" " ind2="4">
    <subfield code="a">Queretaro</subfield>
    <subfield code="y">1962</subfield>
    <subfield code="z">M&#xE9;xico</subfield>
    <subfield code="9">11367</subfield>
  </datafield>
  <datafield tag="651" ind1=" " ind2="4">
    <subfield code="a">M&#xE9;xico</subfield>
    <subfield code="v">Historia</subfield>
    <subfield code="y">Intervenci&#xF3;n francesa, 1861-1867</subfield>
    <subfield code="9">11368</subfield>
  </datafield>
  <datafield tag="700" ind1="1" ind2=" ">
    <subfield code="a">El&#xED;zaga, Lorenzo</subfield>
    <subfield code="e">Traductor</subfield>
    <subfield code="9">11369</subfield>
  </datafield>
  <datafield tag="942" ind1=" " ind2=" ">
    <subfield code="2">lcc</subfield>
    <subfield code="c">B</subfield>
  </datafield>
  <datafield tag="999" ind1=" " ind2=" ">
    <subfield code="c">4192</subfield>
    <subfield code="d">4192</subfield>
  </datafield>
  <datafield tag="952" ind1=" " ind2=" ">
    <subfield code="0">0</subfield>
    <subfield code="1">0</subfield>
    <subfield code="4">0</subfield>
    <subfield code="7">0</subfield>
    <subfield code="a">BRCA</subfield>
    <subfield code="b">BRCA</subfield>
    <subfield code="d">2010-09-10</subfield>
    <subfield code="l">0</subfield>
    <subfield code="o">F1233.M3 .H36 1962</subfield>
    <subfield code="p">02050</subfield>
    <subfield code="r">2019-03-22 00:00:00</subfield>
    <subfield code="w">2019-03-22</subfield>
    <subfield code="y">B</subfield>
  </datafield>
</record>
